00838nam a2200253 i 4500003000900000005001700009007000300026008004100029040003000070082001300100100001000113245005900123264006700182300004600249336002700295337003400322338002800356590002700384700001000411910000700421942001400428952012500442999001700567DO-SdBNP20240321103620.0ta240321s190? dr acd 000 j spa d aDO-SdBNPbspacBNPHUerda bT568222 91176513aTigres del Licey :bguía de prensa temporada 1996-97 1aSanto Domingo :bEdiciones Deportivas,cfecha no identificada. a109 páginas, bilustraciones ;c24 cm. 2rdacontentatextobtxt 2rdamediaasin mediación bn 2rdacarrieravolumenbnc aInventariado, 2024/ DG 985035 aDG 2ddccLBS1 00102ddc51708PDaBNPHUbBNPHUcCTd2024-03-21edonaciónl0oBNPHU PD T568p2024-1636r2024-03-21w2024-03-21yLBS1 c56169d56169